000 01563nam a22002177a 4500
005 20251104163705.0
008 251104b |||||||| |||| 00| 0 eng d
020 _a9781398543454
040 _cAL
041 _aeng
082 _a823.914
_bROBF
100 _aLauren Roberts
_9243907
245 _aFearless
260 _aLondon
_bSimon and Schuster
_c2025
300 _a522p.
_bPB
_c20x13cm
365 _2English
_a4241
_b₹479.20
_c
_d599.00
_e20%
520 _aOVER A MILLION COPIES SOLD. THE SIZZLING FINALE TO THE NO 1 BESTSELLING ROMANTASY PHENOMENON!​ Praise for Powerless: ‘Nothing short of epic’ Rosie Talbot, bestselling author of Sixteen Souls ‘A thrilling fantasy with the most delicious slow-burn romance’ M.A. Kuzniar, bestselling author of Midnight in Everwood ‘[A] titillating debut’ Publishers Weekly ‘A masterpiece’ Goodreads Reader Review ‘Everyone needs to read it’ TikTok Review ‘The BEST book I’ve read’ NetGalley Reader Review ‘A sizzling slice of fantasy romance’ Booksellers Review Paedyn Gray and Kai Azer return to the Kingdom of Ilya... And Paedyn has a life-altering choice to make. Whatever she decides will determine her fate – and the fate of those around her – forever. In the ultimate battle of love and loyalty, who wins? Be swept away by the conclusion to the smash hit, dagger-to-the-throat romantasy trilogy. Follow Lauren Roberts on TikTok and Instagram @LaurenRobertsLibrary
650 _aEnglish Fiction
_9243714
650 _aEnglish Novel
_9243908
942 _2ddc
_cBK
999 _c240651
_d240651